Tilastot visalle Brasilian osavaltiot kartalla

Klikkaa tästä pelataksesi tätä visaa!

Yleistilastot

  • Tätä visaa on pelattu 52 kertaa
  • Keskiarvotulos 15 / 27

Vastaukset kartalla

Vastauksille on annettu kartalla punavihreä väri sen mukaan, kuinka moni on saanut sen oikein.
Ladataan ...
 

Vastaustilastot

Vastaus% Oikein
Amazonas
81%
Distrito Federal
75%
São Paulo
72%
Rio de Janeiro
72%
Rio Grande do Sul
69%
Mato Grosso
67%
Mato Grosso do Sul
67%
Acre
64%
Amapá
56%
Goiás
56%
Rio Grande do Norte
56%
Tocantins
50%
Bahia
50%
Santa Catarina
47%
Paraná
47%
Pará
47%
Espírito Santo
47%
Maranhão
47%
Paraíba
47%
Pernambuco
47%
Rondônia
44%
Ceará
44%
Minas Gerais
44%
Alagoas
44%
Sergipe
44%
Roraima
42%
Piauí
42%

Tulosjakauma

Persentiili vastausten määrän mukaan

Jokaisen tuloksen saaneiden osuus

Tuloshistoriasi

Et ole pelannut tätä visaa